[Event "DVM U10 2013"]
[Site "Magdeburg GER"]
[Date "2013.12.27"]
[Round "1"]
[White "Kronhardt, David"]
[Black "Heckmann, Till"]
[Result "0-1"]
[Termination "normal"]
[Board "1.1"]
[WhiteElo "944"]
[BlackElo "1463"]
[WhiteTeam "SK Langen"]
[BlackTeam "SV Empor Berlin"]
[BlackFideId "12987093"]
[EventCountry "GER"]
[EventRounds "6"]
[EventType "team-swiss"]
[EventDate "2013.12.27"]

1. d4 Nf6 2. Nc3 d6 3. e4 g6 4. Bg5 Bg7 5. Bxf6 Bxf6 6. Nf3 O-O 7. h3 e5 8. Bc4
Nc6 9. d5 Ne7 10. h4 Bg4 11. Be2 a6 12. Nd2 Bxe2 13. Qxe2 Qd7 14. h5 c6 15.
hxg6 fxg6 16. Qd3 Bg5 17. Nc4 Qc7 18. dxc6 Qxc6 19. Nxd6 Rad8 20. Qc4+ Qxc4 21.
Nxc4 Nc6 22. Rd1 Rxd1+ 23. Nxd1 b5 24. Na3 Nb4 25. Nc3 Bc1 26. Nd5 Nxd5 27.
exd5 Bxb2 28. Nb1 Rd8 29. O-O Rxd5 30. Re1 b4 31. Kh2 Bc3 32. Re3 Bd4 33. Rb3
a5 34. c3 bxc3 35. Nxc3 Bxc3 36. Rxc3 Rd2 37. Ra3 Rxf2 38. Rxa5 e4 39. Re5 Rxa2
40. Rxe4 Kg7 41. Rg4 Kf6 42. Kh3 g5 43. Rb4 Ra6 44. g4 Kg6 45. Kg3 h5 46. gxh5+
Kxh5 47. Rb5 Ra3+ 48. Kg2 Kh4 49. Rb2 g4 50. Rb8 Ra2+ 51. Kf1 Kh3 52. Re8 Ra1+
53. Kf2 Ra2+ 54. Kf1 Ra3 55. Re1 g3 56. Kg1 Ra2 57. Re3 Ra1+ 0-1

[Event "DVM U10 2013"]
[Site "Magdeburg GER"]
[Date "2013.12.27"]
[Round "1"]
[White "Breitzmann, Sander"]
[Black "Koholka, Jan"]
[Result "1-0"]
[Termination "normal"]
[Board "1.2"]
[WhiteElo "1411"]
[BlackElo "931"]
[WhiteTeam "SV Empor Berlin"]
[BlackTeam "SK Langen"]
[WhiteFideId "12987085"]
[BlackFideId "34611584"]
[EventCountry "GER"]
[EventRounds "6"]
[EventType "team-swiss"]
[EventDate "2013.12.27"]

1. e4 e5 2. Nf3 Nc6 3. Bc4 Bc5 4. c3 Nf6 5. d3 d6 6. Nbd2 Bg4 7. h3 Bh5 8. g4
Bg6 9. Nf1 O-O 10. Ng3 Qd7 11. Nf5 Ne7 12. Bg5 h6 13. Bxf6 gxf6 14. Nxh6+ Kh7
15. Nf5 Rh8 16. Qd2 Kg8 17. h4 Bxf5 18. gxf5 Kf8 19. h5 Ke8 20. h6 b5 21. Bb3
Kd8 22. Bxf7 Nxf5 23. exf5 Qxf7 24. d4 exd4 25. Nxd4 Kd7 26. Nxb5 a6 27. Nd4
Qd5 28. Rg1 Rxh6 29. Rg7+ Kc8 30. Qxh6 Bxd4 31. O-O-O Qxa2 32. Rxd4 Qa1+ 33.
Kc2 Ra7 34. Qh8+ Kb7 35. Rb4+ Kc6 36. Qe8+ Kc5 37. Qe3+ Kc6 38. Qxa7 a5 39.
Rxc7+ Kd5 40. Qd4# 1-0

[Event "DVM U10 2013"]
[Site "Magdeburg GER"]
[Date "2013.12.27"]
[Round "1"]
[White "Riegel, Simon"]
[Black "Pysarenko, Kyrill"]
[Result "1-0"]
[Termination "normal"]
[Board "1.3"]
[WhiteElo "975"]
[BlackElo "1260"]
[WhiteTeam "SK Langen"]
[BlackTeam "SV Empor Berlin"]
[WhiteFideId "34628410"]
[BlackFideId "12974250"]
[EventCountry "GER"]
[EventRounds "6"]
[EventType "team-swiss"]
[EventDate "2013.12.27"]

1. e4 c5 2. Nf3 Nc6 3. Nc3 g6 4. Bb5 Bg7 5. Bxc6 bxc6 6. O-O e6 7. Re1 Ne7 8.
d3 O-O 9. Be3 d6 10. Qd2 Re8 11. Bh6 Bh8 12. d4 cxd4 13. Nxd4 e5 14. Nb3 Be6
15. Rad1 d5 16. Nc5 Qd6 17. Nxe6 fxe6 18. exd5 exd5 19. f4 exf4 20. Bxf4 Qc5+
21. Be3 Qd6 22. Bd4 Bg7 23. Bxg7 Kxg7 24. Qd4+ Kg8 25. Qh4 Nf5 26. Rxe8+ Rxe8
27. Qf2 Qb4 28. Rb1 a5 29. a3 Qc4 30. Re1 Rf8 31. h3 Nh4 32. Qe2 Qc5+ 33. Kh1
Nf5 34. Qe6+ Kg7 35. Qe5+ Kh6 36. Qf4+ g5 37. Re6+ Kg7 38. Qxg5+ Kh8 39. Rf6
Ng7 40. Rxf8+ Qxf8 41. Qh4 Kg8 42. b4 axb4 43. axb4 Nf5 44. Qg5+ Ng7 45. b5
cxb5 46. Qxd5+ Kh8 47. Nxb5 Qf1+ 48. Kh2 Qf4+ 49. g3 Qf2+ 50. Qg2 Qf8 51. c4 h6
52. Qc2 Qc5 53. Kg2 Ne6 54. Qc3+ Kg8 55. Qd3 Qc6+ 56. Qd5 Qc8 57. Nd4 Kf7 58.
Kf3 Ke7 59. Nxe6 Qxe6 60. Qxe6+ Kxe6 1-0

[Event "DVM U10 2013"]
[Site "Magdeburg GER"]
[Date "2013.12.27"]
[Round "1"]
[White "Breitzmann, Malte"]
[Black "Karl, Simon"]
[Result "1-0"]
[Termination "normal"]
[Board "1.4"]
[WhiteElo "1093"]
[BlackElo "899"]
[WhiteTeam "SV Empor Berlin"]
[BlackTeam "SK Langen"]
[BlackFideId "16217985"]
[EventCountry "GER"]
[EventRounds "6"]
[EventType "team-swiss"]
[EventDate "2013.12.27"]

1. e4 g6 2. d4 Bg7 3. Nf3 d6 4. Nc3 Nf6 5. Bc4 Nc6 6. Bg5 e5 7. dxe5 dxe5 8.
O-O Qe7 9. Nd5 Qd6 10. Bxf6 Bxf6 11. Qd2 O-O 12. Rfd1 Be6 13. Nxf6+ Kg7 14.
Bxe6 Qxe6 15. Nd5 Rac8 16. Qe3 Rfd8 17. Rd2 a6 18. Rad1 Na5 19. Nxc7 Rxc7 20.
Rxd8 Rxc2 21. Qa3 Qb6 22. Qf8+ Kf6 23. R1d6+ Qxd6 24. Rxd6# 1-0

[Event "DVM U10 2013"]
[Site "Magdeburg GER"]
[Date "2013.12.27"]
[Round "1"]
[White "Gheng, Dominik"]
[Black "Kahlsdorf, Fabian"]
[Result "1-0"]
[Termination "normal"]
[Board "2.1"]
[WhiteElo "1561"]
[BlackElo "907"]
[WhiteTeam "Schach-Kids Bernhausen 1"]
[BlackTeam "Braunschweiger SF"]
[WhiteFideId "12906778"]
[BlackFideId "16201140"]
[EventCountry "GER"]
[EventRounds "6"]
[EventType "team-swiss"]
[EventDate "2013.12.27"]

1. e4 e5 2. Nf3 Nc6 3. Bb5 Bd6 4. O-O a6 5. Ba4 Nf6 6. Re1 O-O 7. c3 b6 8. d4
Bb7 9. Bxc6 Bxc6 10. dxe5 Nxe4 11. exd6 h6 12. Ne5 Re8 13. Nxc6 dxc6 14. d7 Re7
15. Bxh6 Rxd7 16. Qg4 g6 17. Qxe4 Rd1 18. Na3 Rxa1 19. Rxa1 Ra7 20. Be3 Qd7 21.
Qh4 Kg7 22. Bd4+ Kf8 23. Qh8+ Ke7 24. Re1+ Kd6 25. Qe5# 1-0

[Event "DVM U10 2013"]
[Site "Magdeburg GER"]
[Date "2013.12.27"]
[Round "1"]
[White "Schauder, Finn-Leon"]
[Black "Grube, Olaf"]
[Result "1-0"]
[Termination "normal"]
[Board "2.2"]
[WhiteElo "1002"]
[BlackElo "1224"]
[WhiteTeam "Braunschweiger SF"]
[BlackTeam "Schach-Kids Bernhausen 1"]
[BlackFideId "12956988"]
[EventCountry "GER"]
[EventRounds "6"]
[EventType "team-swiss"]
[EventDate "2013.12.27"]

1. e4 e5 2. Nf3 Nc6 3. Bc4 Be7 4. d3 Nf6 5. Nc3 O-O 6. Bg5 a6 7. Qd2 Bb4 8. O-O
b5 9. Bb3 Nd4 10. a3 Nxf3+ 11. gxf3 Bc5 12. Kh1 b4 13. axb4 Bxb4 14. Rg1 Kh8
15. Rg2 d6 16. Rag1 Rb8 17. Bh6 Bxc3 18. bxc3 Bh3 19. Bxg7+ Kg8 20. Bxf6+ Bxg2+
21. Rxg2# 1-0

[Event "DVM U10 2013"]
[Site "Magdeburg GER"]
[Date "2013.12.27"]
[Round "1"]
[White "Floeter, Nico"]
[Black "Kahlsdorf, Hendrik"]
[Result "1-0"]
[Termination "normal"]
[Board "2.3"]
[WhiteElo "1078"]
[BlackElo "898"]
[WhiteTeam "Schach-Kids Bernhausen 1"]
[BlackTeam "Braunschweiger SF"]
[BlackFideId "16201159"]
[EventCountry "GER"]
[EventRounds "6"]
[EventType "team-swiss"]
[EventDate "2013.12.27"]

1. e4 e5 2. Nf3 Nc6 3. Bb5 Bc5 4. O-O a6 5. Ba4 d6 6. h3 b5 7. Bb3 Be6 8. Bxe6
fxe6 9. c3 d5 10. Re1 Qe7 11. d4 exd4 12. Nxd4 Nxd4 13. cxd4 Bb4 14. Bd2 Bxd2
15. Nxd2 Nf6 16. exd5 Nxd5 17. Nf3 c6 18. Qe2 Nc7 19. Qe3 O-O 20. Ng5 Rae8 21.
Nf3 Kh8 22. Rac1 Qd7 23. Ne5 Qd5 24. Rxc6 Na8 25. b3 Rf5 26. Rc5 Qb7 27. d5
Ref8 28. dxe6 Rxf2 29. Nf7+ R8xf7 30. Rc8+ Rf8 31. Rxf8+ Rxf8 32. e7 Re8 33.
Qd4 Qb8 34. Rd1 {Rest kann nicht rekonstruiert werden} 1-0

[Event "DVM U10 2013"]
[Site "Magdeburg GER"]
[Date "2013.12.27"]
[Round "1"]
[White "Polzer, Luis"]
[Black "Erhardt, Kristian"]
[Result "0-1"]
[Termination "normal"]
[Board "2.4"]
[WhiteElo "600"]
[BlackElo "921"]
[WhiteTeam "Braunschweiger SF"]
[BlackTeam "Schach-Kids Bernhausen 1"]
[BlackFideId "16223357"]
[EventCountry "GER"]
[EventRounds "6"]
[EventType "team-swiss"]
[EventDate "2013.12.27"]

1. d4 d5 2. e3 Nc6 3. Be2 Bf5 4. Nf3 Nf6 5. O-O e6 6. Nc3 Bd6 7. Bd2 O-O 8. Nb5
a6 9. Nc3 h6 10. b3 Nb4 11. a3 Nxc2 12. Ra2 Nxa3 13. Na4 Qd7 14. b4 Nb5 15. Nb2
Ne4 16. Bd3 Nxd2 17. Qxd2 Bg4 18. Ne1 e5 19. dxe5 Bxe5 20. Qc2 Bxb2 21. Qxb2
Bf5 22. Bxf5 Qxf5 23. Nf3 Rad8 24. Nh4 Qd7 25. Qe2 Nc3 26. Qh5 Nxa2 27. Nf3
Nxb4 28. Ne5 Qe6 29. Ng4 a5 30. Qh4 a4 31. f4 a3 32. Ne5 a2 33. e4 Nc2 34. Rf2
a1=Q+ 35. Rf1 Qb6+ 36. Kh1 Qxf1# 0-1

[Event "DVM U10 2013"]
[Site "Magdeburg GER"]
[Date "2013.12.27"]
[Round "1"]
[White "Fidlin, Simon"]
[Black "Kukulina, Sonja"]
[Result "1-0"]
[Termination "normal"]
[Board "3.1"]
[WhiteElo "1151"]
[BlackElo "1229"]
[WhiteTeam "Karlsruher SF 1853"]
[BlackTeam "SK München Südost"]
[WhiteFideId "16217535"]
[BlackFideId "12977047"]
[EventCountry "GER"]
[EventRounds "6"]
[EventType "team-swiss"]
[EventDate "2013.12.27"]

1. e4 e5 2. Nf3 Nc6 3. Bb5 a6 4. Ba4 d6 5. O-O b5 6. Bb3 Bg4 7. h3 Bh5 8. c3 b4
9. Ba4 Qd7 10. d4 exd4 11. cxd4 d5 12. Re1 Be7 13. Qb3 Bxf3 14. Qxf3 Nf6 15.
Nd2 O-O 16. b3 dxe4 17. Nxe4 Nxd4 18. Nxf6+ Bxf6 19. Qxf6 gxf6 20. Bxd7 Nc2 21.
Bh6 Rfd8 22. Bc6 Rab8 23. Bf4 Rd4 24. Be3 Rh4 25. Rac1 Nxe1 26. Rxe1 a5 27. Kh2
Rh5 28. Bf4 Rf5 29. Bxc7 {nicht mehr nachvollziehbar} 1-0

[Event "DVM U10 2013"]
[Site "Magdeburg GER"]
[Date "2013.12.27"]
[Round "1"]
[White "Grunert, Friedrich"]
[Black "Fidlin, Maximilian"]
[Result "1-0"]
[Termination "normal"]
[Board "3.2"]
[WhiteElo "600"]
[BlackElo "918"]
[WhiteTeam "SK München Südost"]
[BlackTeam "Karlsruher SF 1853"]
[WhiteFideId "12995592"]
[EventCountry "GER"]
[EventRounds "6"]
[EventType "team-swiss"]
[EventDate "2013.12.27"]

1. d4 d5 2. Nf3 Nf6 3. Nc3 g6 4. Bf4 Bg7 5. Qd2 Nc6 6. O-O-O Bf5 7. Kb1 Ng4 8.
h3 Nxf2 9. g4 Be4 10. Bg2 Nxh1 11. Bxh1 O-O 12. Bh6 a6 13. Bxg7 Kxg7 14. Nxe4
dxe4 15. Ng5 a5 16. Bxe4 a4 17. Bxc6 bxc6 18. Rh1 a3 19. b3 c5 20. h4 c4 21. h5
cxb3 22. cxb3 c5 23. h6+ Kg8 24. d5 c4 25. Qc3 Qxd5 26. Qg7# 1-0

[Event "DVM U10 2013"]
[Site "Magdeburg GER"]
[Date "2013.12.27"]
[Round "1"]
[White "Holubek, Oliver"]
[Black "Cheng, Dino Liwen"]
[Result "0-1"]
[Termination "normal"]
[Board "3.3"]
[WhiteElo "820"]
[BlackElo "600"]
[WhiteTeam "Karlsruher SF 1853"]
[BlackTeam "SK München Südost"]
[EventCountry "GER"]
[EventRounds "6"]
[EventType "team-swiss"]
[EventDate "2013.12.27"]

1. e4 c5 2. Nc3 g6 3. Bb5 e6 4. Nf3 Ne7 5. d3 Nbc6 6. Bg5 h6 7. Bh4 g5 8. Bg3
a6 9. Ba4 Nd4 10. Nxd4 cxd4 11. Ne2 Qa5+ 12. c3 dxc3 13. bxc3 Nc6 14. Bxc6 bxc6
15. O-O d5 16. exd5 cxd5 17. Rb1 Bc5 18. c4 dxc4 19. dxc4 Qxa2 20. Ra1 Qxc4 21.
Ra4 Qb5 22. Nc3 Qb2 23. Ne4 Qb5 24. Be5 Bxf2+ 25. Rxf2 Qxe5 26. Rb4 Rb8 27. Rc4
f5 28. Nd6+ Ke7 29. Nxc8+ Rbxc8 30. Ra4 Rhd8 31. Qh5 Rc1+ 32. Rf1 Qe3+ 33. Kh1
Rxf1# 0-1

[Event "DVM U10 2013"]
[Site "Magdeburg GER"]
[Date "2013.12.27"]
[Round "1"]
[White "Toval, David"]
[Black "Haufe, Laurin"]
[Result "1-0"]
[Termination "normal"]
[Board "4.2"]
[WhiteElo "996"]
[BlackElo "1254"]
[WhiteTeam "SK Münster 32"]
[BlackTeam "BSG Grün-Weiß Leipzig 1"]
[WhiteFideId "12992755"]
[BlackFideId "12976504"]
[EventCountry "GER"]
[EventRounds "6"]
[EventType "team-swiss"]
[EventDate "2013.12.27"]

1. e4 d5 2. exd5 Qxd5 3. Nc3 Qa5 4. Nf3 Bf5 5. d3 Nc6 6. Be2 e5 7. Bd2 O-O-O 8.
O-O Nf6 9. Ne4 Qd5 10. c4 Qe6 11. Nfg5 Qd7 12. f3 h6 13. Nxf6 gxf6 14. Ne4 Be7
15. a3 Rdg8 16. b4 h5 17. Qa4 h4 18. h3 Bxh3 19. Rf2 Qd4 20. Bc3 Qd7 21. b5 Nd4
22. Qxa7 Nxe2+ 23. Rxe2 c6 24. Qa8+ Kc7 25. b6+ Kxb6 26. Qa5# 1-0

[Event "DVM U10 2013"]
[Site "Magdeburg GER"]
[Date "2013.12.27"]
[Round "1"]
[White "Grund, Sebastian"]
[Black "Biermann, Lenhard"]
[Result "1-0"]
[Termination "normal"]
[Board "5.1"]
[WhiteElo "1253"]
[BlackElo "1440"]
[WhiteTeam "MTV 1876 Saalfeld"]
[BlackTeam "TuS Ende"]
[WhiteFideId "12988626"]
[BlackFideId "12970077"]
[EventCountry "GER"]
[EventRounds "6"]
[EventType "team-swiss"]
[EventDate "2013.12.27"]

1. c4 e6 2. g3 Nf6 3. Bg2 d5 4. cxd5 exd5 5. Nf3 c5 6. O-O Nc6 7. d4 Be6 8. Nc3
Be7 9. a3 O-O 10. dxc5 Bxc5 11. e3 Qe7 12. b4 Bb6 13. Bb2 Rfd8 14. Ne2 Bc7 15.
Qc2 Rac8 16. Rad1 Bb8 17. Qb1 Ng4 18. Qa1 f6 19. Nfd4 Nge5 20. Nxe6 Qxe6 21.
Nf4 Qe8 22. Rxd5 Rxd5 23. Bxd5+ Nf7 24. Nh5 Be5 25. Rc1 Bxb2 26. Qxb2 Kf8 27.
Nf4 Nce5 28. Ne6+ Kg8 29. Nc5 b6 30. Ne4 Rxc1+ 31. Qxc1 Qd7 32. Qd1 Kf8 33. Kg2
Ng5 34. Nxg5 fxg5 35. Bb3 Qc6+ 36. Bd5 Qd6 37. Bf3 Qe7 38. Qd5 g6 39. Qa8+ Kg7
40. Qd5 Nf7 41. Qb7 Qf6 42. Qxa7 h6 43. Bd5 h5 44. Qxf7+ Qxf7 45. Bxf7 Kxf7 1-0

[Event "DVM U10 2013"]
[Site "Magdeburg GER"]
[Date "2013.12.27"]
[Round "1"]
[White "Biermann, Florian"]
[Black "Gräf, Patrick"]
[Result "1-0"]
[Termination "normal"]
[Board "5.2"]
[WhiteElo "1725"]
[BlackElo "818"]
[WhiteTeam "TuS Ende"]
[BlackTeam "MTV 1876 Saalfeld"]
[WhiteFideId "12970069"]
[EventCountry "GER"]
[EventRounds "6"]
[EventType "team-swiss"]
[EventDate "2013.12.27"]

1. Nf3 Nc6 2. d4 Nf6 3. c4 d5 4. e3 Bg4 5. Be2 Bxf3 6. Bxf3 e6 7. Nc3 dxc4 8.
Qa4 Qd7 9. Qxc4 Bb4 10. O-O Bxc3 11. Qxc3 O-O 12. Bd2 Nd5 13. Qc2 Ncb4 14. Bxb4
Nxb4 15. Qb3 Nd5 16. Rac1 b6 17. e4 Nf4 18. Qe3 Ng6 19. e5 Rab8 20. Rc2 Nh4 21.
Bc6 Qe7 22. Rfc1 h6 23. Bb5 Qg5 24. Qxg5 hxg5 25. Bd3 Rbd8 26. Rd2 Rxd4 27.
Bh7+ Kxh7 28. Rxd4 Nf5 29. Rd7 Nd6 30. exd6 cxd6 31. Rxd6 Re8 32. h3 e5 33. Rc7
Re6 34. Rxe6 fxe6 35. Rxa7 Kh6 36. Rb7 e4 37. Rxb6 Kg6 38. Rxe6+ Kf5 39. Rb6
Kf4 40. a4 e3 41. fxe3+ Kxe3 42. a5 Kd4 43. b4 Kd5 44. a6 Kc4 45. a7 Kd5 46.
a8=Q+ Kc4 47. Qc6+ Kb3 48. Qd5+ Kc3 49. Rc6+ Kb2 50. Qd3 Ka1 51. Qd2 Kb1 52.
Rc1# 1-0

[Event "DVM U10 2013"]
[Site "Magdeburg GER"]
[Date "2013.12.27"]
[Round "1"]
[White "Kramer, Maximilian"]
[Black "Tiller, Moritz"]
[Result "0-1"]
[Termination "normal"]
[Board "5.3"]
[WhiteElo "794"]
[BlackElo "1039"]
[WhiteTeam "MTV 1876 Saalfeld"]
[BlackTeam "TuS Ende"]
[EventCountry "GER"]
[EventRounds "6"]
[EventType "team-swiss"]
[EventDate "2013.12.27"]

1. e4 e5 2. Nf3 Nc6 3. Nc3 Nf6 4. Be2 Bc5 5. O-O d6 6. h3 Be6 7. Bb5 Bd7 8.
Bxc6 Bxc6 9. d3 h6 10. Qe2 O-O 11. Be3 Bxe3 12. Qxe3 Nh5 13. Ne2 Ba4 14. b3 Bb5
15. c4 Ba6 16. Nd2 c6 17. Ng3 Nf4 18. Nf5 Qg5 19. g3 Nxh3+ 20. Kg2 Qxe3 21.
fxe3 Ng5 22. Nxd6 Rad8 23. Nf5 Rxd3 24. Nf3 Nxe4 25. Nxe5 Rd2+ 26. Kf3 Ng5+ 27.
Kg4 Re8 28. Nf3 Re4+ 29. Kh5 g6+ 30. Kxh6 Nxf3 31. Rxf3 gxf5 32. Rxf5 Rxe3 33.
Raf1 Rxg3 34. Rg5+ Rxg5 35. Kxg5 Rxa2 36. Rg1 b5 37. c5 Rc2 38. Kh6+ Kf8 39. b4
Rb2 40. Rg4 Bc8 41. Rf4 a5 42. bxa5 Ra2 43. Rd4 Rxa5 44. Rd8+ Ke7 45. Rxc8 b4
46. Rxc6 Rb5 47. Rc7+ Kd8 48. Rxf7 Kc8 49. Rf5 b3 50. Rf1 b2 51. Rb1 Kc7 52.
Kg5 Kc6 53. Kf4 Rb3 54. Ke4 Kxc5 55. Ke5 Kc4 56. Ke4 Kc3 57. Rd1 b1=Q+ 58. Rxb1
Rxb1 59. Kd5 Rb4 60. Kc5 Rh4 0-1

[Event "DVM U10 2013"]
[Site "Magdeburg GER"]
[Date "2013.12.27"]
[Round "1"]
[White "Dehn, Lukas"]
[Black "Kubelt, Lycian"]
[Result "1-0"]
[Termination "normal"]
[Board "5.4"]
[WhiteElo "824"]
[BlackElo "762"]
[WhiteTeam "TuS Ende"]
[BlackTeam "MTV 1876 Saalfeld"]
[EventCountry "GER"]
[EventRounds "6"]
[EventType "team-swiss"]
[EventDate "2013.12.27"]

1. e4 e5 2. Nf3 Nc6 3. Bc4 Nf6 4. Nc3 Nxe4 5. Nxe4 d5 6. Bxd5 Qxd5 7. d3 Bb4+
8. c3 Ba5 9. b4 Bb6 10. c4 Qe6 11. c5 Qg4 12. O-O a5 13. cxb6 cxb6 14. b5 Nb4
15. Nd6+ Kd7 16. Nxe5+ Kxd6 17. Nxg4 Bf5 18. d4 Bc2 19. Qd2 Bd3 20. Re1 Kd5 21.
Re5+ Kxd4 22. Qf4+ Kc3 23. Ne3 Rac8 24. Qg4 f5 25. Qd1 Rhd8 26. Qb3+ Kd4 27.
Bb2+ Rc3 28. Qxc3# 1-0

[Event "DVM U10 2013"]
[Site "Magdeburg GER"]
[Date "2013.12.27"]
[Round "1"]
[White "Gäbler, Jakob"]
[Black "Brunner, Sophia"]
[Result "0-1"]
[Termination "normal"]
[Board "6.2"]
[WhiteElo "948"]
[BlackElo "1329"]
[WhiteTeam "BSG Grün-Weiß Leipzig 2"]
[BlackTeam "Hagener SV"]
[WhiteFideId "16214536"]
[BlackFideId "12960683"]
[EventCountry "GER"]
[EventRounds "6"]
[EventType "team-swiss"]
[EventDate "2013.12.27"]

1. e4 e6 2. Nc3 Ne7 3. d4 d5 4. e5 Nf5 5. Nf3 c5 6. Bf4 Nc6 7. dxc5 Bxc5 8. Bd3
Nfe7 9. Qd2 O-O 10. O-O-O a5 11. Bg5 a4 12. Qf4 a3 13. b3 d4 14. Qh4 h6 15.
Bxh6 Nf5 16. Qe4 dxc3 17. g4 Nb4 18. gxf5 Nxa2+ 19. Kb1 Nb4 20. Qg4 a2+ 21. Ka1
g6 22. fxg6 Qxd3 23. gxf7+ Kxf7 24. Ng5+ Ke7 25. Bxf8+ Kxf8 26. Nxe6+ Bxe6 27.
Qxe6 Nxc2# 0-1

[Event "DVM U10 2013"]
[Site "Magdeburg GER"]
[Date "2013.12.27"]
[Round "1"]
[White "Scheidt, Mike Niklas"]
[Black "Junghans, Richard"]
[Result "1-0"]
[Termination "normal"]
[Board "6.3"]
[WhiteElo "935"]
[BlackElo "789"]
[WhiteTeam "Hagener SV"]
[BlackTeam "BSG Grün-Weiß Leipzig 2"]
[WhiteFideId "12965235"]
[BlackFideId "16214544"]
[EventCountry "GER"]
[EventRounds "6"]
[EventType "team-swiss"]
[EventDate "2013.12.27"]

1. d4 d5 2. Bf4 Nc6 3. Nc3 Bf5 4. Nf3 Nf6 5. e3 e6 6. Bd3 Bg6 7. Nb5 Bd6 8. Ne5
Bh5 9. Be2 Bg6 10. Nxg6 hxg6 11. Nxd6+ cxd6 12. O-O Qc7 13. Bb5 a6 14. Ba4 b5
15. Bb3 e5 16. Bg5 Qd7 17. Bxf6 gxf6 18. Bxd5 O-O-O 19. Bxc6 Qxc6 20. Qd3 b4
21. Rac1 Qb7 22. c3 bxc3 23. Rxc3+ Kb8 24. Rb3 Rh7 25. Rxb7+ Kxb7 26. Rc1 Rdh8
27. Qb3+ Ka7 28. Rc7+ Ka8 29. Qb7# 1-0

[Event "DVM U10 2013"]
[Site "Magdeburg GER"]
[Date "2013.12.27"]
[Round "1"]
[White "Heinicke, Pascal"]
[Black "Lindemann, Jarno"]
[Result "1-0"]
[Termination "normal"]
[Board "6.4"]
[WhiteElo "982"]
[BlackElo "940"]
[WhiteTeam "BSG Grün-Weiß Leipzig 2"]
[BlackTeam "Hagener SV"]
[BlackFideId "12977934"]
[EventCountry "GER"]
[EventRounds "6"]
[EventType "team-swiss"]
[EventDate "2013.12.27"]

1. e4 d5 2. Nc3 dxe4 3. Nxe4 Bf5 4. Nf3 Bxe4 5. d3 Bxf3 6. Qxf3 Nc6 7. Bf4 e6
8. O-O-O Bd6 9. Bg3 Nf6 10. Be2 Qe7 11. d4 O-O-O 12. Qb3 Bxg3 13. hxg3 Nxd4 14.
Qa3 {nicht mehr nachvollziehbar} 1-0

[Event "DVM U10 2013"]
[Site "Magdeburg GER"]
[Date "2013.12.27"]
[Round "1"]
[White "Rößler, Karl-Georg"]
[Black "Kopylov, Daniel"]
[Result "0-1"]
[Termination "normal"]
[Board "7.1"]
[WhiteElo "1063"]
[BlackElo "1706"]
[WhiteTeam "SC 1994 Oberland 1"]
[BlackTeam "TuRa Harksheide 1"]
[WhiteFideId "12984469"]
[BlackFideId "12921971"]
[EventCountry "GER"]
[EventRounds "6"]
[EventType "team-swiss"]
[EventDate "2013.12.27"]

1. e4 c5 2. Nf3 d6 3. d4 cxd4 4. Nxd4 Nf6 5. Nc3 Nc6 6. Nxc6 bxc6 7. Be3 Ng4 8.
Bd2 Qb6 9. Qe2 g6 10. h3 Ne5 11. f4 Nd7 12. Be3 Qxb2 13. Bd4 Qxa1+ 14. Kf2 e5
15. Qe3 exd4 16. Qxd4 Rg8 17. Rg1 Bg7 18. e5 dxe5 19. Qe3 Bf8 20. Bb5 Qxg1+ 21.
Kxg1 Bc5 22. Qxc5 Nxc5 23. Bxc6+ Bd7 24. Bxa8 Ke7 25. Bf3 e4 26. Be2 Bc6 27.
Kh2 Rd8 28. Kg3 Rd2 29. Bd1 e3 30. Kh2 Rxd1 31. Nxd1 e2 32. Nf2 e1=Q 33. Ng4
Qf1 34. Kg3 Qxg2+ 35. Kh4 Ne4 36. Ne3 Qg3# 0-1

[Event "DVM U10 2013"]
[Site "Magdeburg GER"]
[Date "2013.12.27"]
[Round "1"]
[White "Lewerenz, Lars"]
[Black "Schubert, Christoph"]
[Result "0-1"]
[Termination "normal"]
[Board "8.2"]
[WhiteElo "600"]
[BlackElo "1108"]
[WhiteTeam "SG Turm Raesfeld/Erle 1"]
[BlackTeam "USV TU Dresden"]
[EventCountry "GER"]
[EventRounds "6"]
[EventType "team-swiss"]
[EventDate "2013.12.27"]

1. e3 e5 2. Nf3 Nc6 3. Bc4 Nf6 4. c3 Be7 5. O-O O-O 6. h3 d5 7. Bb3 Be6 8. d4
e4 9. Ne5 Qd6 10. f4 exf3 11. Nxc6 Qxc6 12. Qxf3 Rfd8 13. Nd2 Rd7 14. Qg3 Rad8
15. e4 dxe4 16. Nc4 Bxc4 17. Bxc4 Bd6 18. Bf4 Bxf4 19. Rxf4 Nh5 20. Qg4 Nxf4
21. Qxf4 Qxc4 22. Qxe4 Qd5 23. Qg4 Re8 24. Rf1 Rde7 25. Rf3 Re1+ 26. Kh2 Qxa2
27. Rg3 g6 28. Rf3 Qxb2 29. Qd7 R1e7 30. Qd5 Qb6 31. c4 Qd6+ 32. Qxd6 cxd6 33.
c5 dxc5 34. dxc5 Rc8 35. Rc3 Rec7 36. Rc4 Rxc5 37. Rxc5 Rxc5 38. Kh1 a5 39. Kh2
a4 40. Kg1 b5 41. Kf2 b4 42. Ke1 b3 43. Kd2 b2 44. Ke3 b1=Q 45. Kf2 Re5 46. Kg3
Qe1+ 47. Kg4 Qe3 48. Kh4 Qg5# 0-1

[Event "DVM U10 2013"]
[Site "Magdeburg GER"]
[Date "2013.12.27"]
[Round "1"]
[White "Hegemann, Erik"]
[Black "Wehner, Tobias"]
[Result "0-1"]
[Termination "normal"]
[Board "8.4"]
[WhiteElo "896"]
[BlackElo "992"]
[WhiteTeam "SG Turm Raesfeld/Erle 1"]
[BlackTeam "USV TU Dresden"]
[WhiteFideId "16234618"]
[BlackFideId "16224000"]
[EventCountry "GER"]
[EventRounds "6"]
[EventType "team-swiss"]
[EventDate "2013.12.27"]

1. e4 c5 2. Nf3 d6 3. Bc4 Nf6 4. Nc3 g6 5. O-O Bg7 6. d3 O-O 7. Bg5 Nc6 8. Nd5
Bg4 9. h3 Bh5 10. g4 Bxg4 11. hxg4 Nxg4 12. Bb5 Nf6 13. c3 a6 14. Bc4 b5 15.
Bb3 Nxd5 16. Bxd5 Rc8 17. Bxc6 Rxc6 18. d4 Qd7 19. d5 Rcc8 20. Re1 Qg4+ 21. Kf1
e6 22. dxe6 fxe6 23. Re3 Rxf3 24. Rxf3 Qxg5 25. Qxd6 Qg4 26. Qf4 Qh5 27. Qf7+
Kh8 28. Rd3 Qh1+ 29. Ke2 Qxa1 30. Rd7 Qxb2+ 31. Kf3 Qxc3+ 32. Kf4 Qe5+ 33. Ke3
Rf8 34. Qe7 Qc3+ 35. Ke2 Qf3+ 36. Kf1 Qxf2# 0-1

[Event "DVM U10 2013"]
[Site "Magdeburg GER"]
[Date "2013.12.27"]
[Round "1"]
[White "Popist, Florian"]
[Black "Bosselmann, Tom Linus"]
[Result "0-1"]
[Termination "normal"]
[Board "9.1"]
[WhiteElo "938"]
[BlackElo "1353"]
[WhiteTeam "SK Weisse Dame Hamburg"]
[BlackTeam "Lübecker SV"]
[WhiteFideId "16203518"]
[BlackFideId "12983845"]
[EventCountry "GER"]
[EventRounds "6"]
[EventType "team-swiss"]
[EventDate "2013.12.27"]

1. e4 c5 2. Nf3 e6 3. d4 cxd4 4. Nxd4 a6 5. Bd3 Qb6 6. Nb3 Qc7 7. Nc3 Nf6 8.
O-O Nc6 9. Qf3 Ne5 10. Qf4 Bd6 11. Qh4 Ng6 12. Qh3 b5 13. Ne2 Bb7 14. f3 O-O
15. Be3 Ne5 16. Rac1 Rac8 17. f4 Bxe4 18. fxe5 Bxe5 19. Bxe4 Nxe4 20. c3 Qc4
21. Ned4 d6 22. Qh4 Qd3 23. Rfe1 Bf6 24. Qg4 d5 25. Nxe6 fxe6 26. Qxe6+ Kh8 27.
Rcd1 Qc2 28. Qxa6 Qxb2 29. Qxb5 Nxc3 30. Nd4 Nxb5 31. Rb1 Qc3 32. Nxb5 Qa5 33.
Nd6 Rb8 34. Rbc1 Qa6 35. Bc5 Qa4 36. Rcd1 Be7 37. Rxd5 Bxd6 38. Bxd6 Rbd8 39.
Red1 Rfe8 40. h3 Re6 41. Kh2 h6 42. Kg1 Qc6 43. Rc5 Qb6 44. Bc7 Qxc5+ 45. Kh1
Rxd1+ 46. Kh2 Qxc7+ 0-1